[Event "SM-gruppen"]
[Site "Linköping"]
[Date "2001.07.06"]
[Round "6"]
[White "Cramling, Pia"]
[Black "Eriksson, Anders"]
[Result "1-0"]
[WhiteElo "2510"]
[BlackElo "2335"]
[Board "1"]

1. d4 Nf6 2. c4 e6 3. Nc3 Bb4 4. Qc2 O-O 5. a3 Bxc3+ 6. Qxc3 b6 7. Bg5 Ba6
8. e3 d6 9. Bd3 Nbd7 10. Ne2 c5 11. Qb3 Qc7 12. Rc1 Qb7 13. O-O cxd4 14. 
Bxf6 Nxf6 15. Nxd4 Rac8 16. Rfd1 Rfd8 17. a4 Qb8 18. Bf1 Bb7 19. Qa3 a5 20.
b4 axb4 21. Qxb4 Nd7 22. Rb1 Be4 23. Rb2 Nc5 24. f3 Ba8 25. Ra1 Nd7 26. a5
bxa5 27. Qa3 Qa7 28. Nb5 Qa6 29. Nxd6 Rb8 30. Nb5 Qb6 31. Qc3 Nc5 32. Qxa5
Qxa5 33. Rxa5 h5 34. Raa2 h4 35. Nd4 Rxb2 36. Rxb2 h3 37. Rb5 hxg2 38. Kxg2
Rc8 39. Nb3 Nd7 40. Kf2 Kf8 41. e4 Bc6 42. Ra5 Ke7 43. Ra7 g5 44. Ke3 Kf6 
45. Nd4 Ne5 46. c5 Be8 47. Ra5 Nd7 48. c6 Ne5 49. Rc5 Rc7 50. Bb5 Ng6 51. 
Ba4 Ne5 52. Bb5 Ng6 53. Nb3 e5 54. Na5 Ke6 55. Nc4 f6 56. Rd5 Ke7 57. Rc5 
Nf8 58. Nb6 Ne6 59. Nd5+ Kd8 60. Rc3 Rc8 61. c7+ 1-0

[Event "SM-gruppen"]
[Site "Linköping"]
[Date "2001.07.06"]
[Round "6"]
[White "Wedberg, Tom"]
[Black "Agrest, Evgenij"]
[Result "0-1"]
[WhiteElo "2505"]
[BlackElo "2529"]
[Board "4"]

1. c4 c5 2. Nc3 e6 3. e3 Nf6 4. Nf3 a6 5. d4 d5 6. a3 dxc4 7. Bxc4 b5 8. 
Ba2 Bb7 9. O-O Nbd7 10. Qe2 Qb8 11. Rd1 Bd6 12. h3 O-O 13. dxc5 Nxc5 14. b4
Ncd7 15. Bb2 Bxf3 16. Qxf3 Bh2+ 17. Kh1 Be5 18. Rab1 Rc8 19. Ne4 Bxb2 20. 
Rxb2 Qe5 21. Nxf6+ Nxf6 22. Rbd2 g6 23. Rd4 Kg7 24. e4 Ra7 25. Qe3 Rac7 26.
f4 Qh5 27. e5 Ng4 28. Qf3 Rc2 29. Qxg4 Qxg4 30. hxg4 Rxa2 31. R1d3 Rcc2 32.
Rg3 Ra1+ 33. Kh2 Rf1 34. g5 Rc4 35. Rd6 Rcxf4 36. Rxa6 Rf5 37. Ra5 Rxe5 38.
a4 Rf4 39. Rb3 bxa4 40. Rxa4 Rxg5 41. Ra2 Rb5 0-1

[Event "SM-gruppen"]
[Site "Linköping"]
[Date "2001.07.06"]
[Round "6"]
[White "Barkhagen, Jonas"]
[Black "Brynell, Stellan"]
[Result "1/2-1/2"]
[WhiteElo "2456"]
[BlackElo "2486"]
[Board "5"]

1. e4 e6 2. d4 d5 3. Nd2 c5 4. exd5 exd5 5. Ngf3 Nc6 6. dxc5 Bxc5 7. Nb3 
Bb6 8. Qe2+ Qe7 9. Bg5 f6 10. Be3 Bxe3 11. Qxe3 Qxe3+ 12. fxe3 Nge7 13. Bb5
O-O 14. Bxc6 Nxc6 15. O-O-O Bf5 16. Nfd4 Nxd4 17. Nxd4 Be4 18. Rd2 Rfe8 19.
Nb5 Re7 20. Nc3 Kf7 21. Rhd1 Rd8 22. Rf2 Re5 23. Rd4 Ke6 24. Rb4 Rd7 25. a4
Bg6 26. Kd2 Rc7 27. Rff4 b6 28. Rh4 1/2-1/2

[Event "SM-gruppen"]
[Site "Linköping"]
[Date "2001.07.08"]
[Round "7"]
[White "Eriksson, Anders"]
[Black "Karlsson, Lars"]
[Result "0-1"]
[WhiteElo "2335"]
[BlackElo "2476"]
[Board "2"]

1. Nf3 b6 2. d4 Bb7 3. c4 e6 4. Nc3 Bb4 5. e3 f5 6. Qb3 a5 7. Bd2 Nf6 8. 
Nb5 Bxf3 9. gxf3 Bxd2+ 10. Kxd2 O-O 11. Rd1 d5 12. Kc1 Kh8 13. Bg2 c6 14. 
Na3 Na6 15. Kb1 Nb4 16. Rd2 Qd6 17. Nc2 Rfb8 18. f4 Na6 19. cxd5 exd5 20. 
Rhd1 b5 21. Ne1 a4 22. Qc2 Ne4 23. Bxe4 dxe4 24. Qc3 Qd5 25. Rc1 Rb6 26. 
Qa3 h6 27. Qe7 Rab8 28. Nc2 b4 29. Ne1 Rb5 30. Qe5 Qd7 31. d5 Rxd5 32. Rxd5
cxd5 33. Rc5 b3 34. axb3 axb3 35. Rxd5 Qa4 36. Qc3 Nb4 37. Rc5 Rd8 38. Rc8
Qa2+ 39. Kc1 Qa1# 0-1

[Event "SM-gruppen"]
[Site "Linköping"]
[Date "2001.07.08"]
[Round "7"]
[White "Agrest, Evgenij"]
[Black "Cramling, Pia"]
[Result "1-0"]
[WhiteElo "2529"]
[BlackElo "2510"]
[Board "4"]

1. c4 e5 2. Nc3 Nf6 3. Nf3 Nc6 4. d3 d5 5. cxd5 Nxd5 6. g3 Be7 7. Bg2 Be6 
8. O-O Qd7 9. Ng5 Bxg5 10. Bxg5 h5 11. Ne4 b6 12. Rc1 Rc8 13. Bd2 f6 14. 
Re1 Nce7 15. b4 h4 16. a3 hxg3 17. fxg3 Nf5 18. e3 Nde7 19. Nf2 Nh6 20. Qc2
Ng4 21. Nxg4 Bxg4 22. d4 Bf5 23. Qb2 e4 24. Qc2 Qd5 25. Rf1 Bg6 26. Be1 f5
27. g4 O-O 28. Bh4 Qd7 29. Bxe7 Qxe7 30. gxf5 Rxf5 31. Rxf5 Bxf5 32. Rf1 g6
33. Qf2 c5 34. Qg3 Qc7 35. Qg5 Qg7 36. bxc5 bxc5 37. dxc5 Qe5 38. Bh3 1-0

[Event "SM-gruppen"]
[Site "Linköping"]
[Date "2001.07.08"]
[Round "7"]
[White "Olsson, Anders"]
[Black "Berg, Emanuel"]
[Result "1/2-1/2"]
[WhiteElo "2265"]
[BlackElo "2496"]
[Board "6"]

1. e4 e6 2. d4 d5 3. Nd2 Nf6 4. e5 Nfd7 5. Bd3 c5 6. c3 Nc6 7. Ne2 cxd4 8.
cxd4 f6 9. exf6 Nxf6 10. Nf3 Bd6 11. O-O Qc7 12. g3 O-O 13. Bf4 Ng4 14. 
Bxd6 Qxd6 15. Nc3 Bd7 16. Bxh7+ Kxh7 17. Ng5+ Kg6 18. Qxg4 e5 19. Ne6+ Kf7
20. Qxg7+ Kxe6 21. f4 Qe7 22. Qh6+ Qf6 23. f5+ Kd6 24. dxe5+ Nxe5 25. Qd2 
Qf7 26. Ne4+ Kc7 27. Rac1+ Bc6 28. Ng5 Qf6 29. Ne6+ Kd7 30. b4 a6 31. a4 b5
32. axb5 axb5 33. Qf4 Rac8 34. Ra1 Rf7 35. Ra3 Nc4 36. Ra6 Ke8 37. Rxc6 
Rxc6 38. Qb8+ Kd7 39. Qxb5 Kd6 40. Qb8+ Rcc7 41. b5 Qc3 42. Nxc7 Qe3+ 43. 
Rf2 Rxc7 44. f6 1/2-1/2

[Event "SM-gruppen"]
[Site "Linköping"]
[Date "2001.07.08"]
[Round "7"]
[White "Åkesson, Ralf"]
[Black "Wedberg, Tom"]
[Result "0-1"]
[WhiteElo "2481"]
[BlackElo "2505"]
[Board "7"]

1. Nf3 c5 2. c4 Nc6 3. d4 cxd4 4. Nxd4 Nf6 5. Nc3 e6 6. a3 Bc5 7. Nb3 Be7 
8. e4 O-O 9. Be2 b6 10. O-O Ba6 11. f4 d6 12. Be3 Rc8 13. Kh1 Nb8 14. Nd2 
Nbd7 15. g4 g6 16. g5 Ne8 17. Qe1 Ng7 18. Qg3 f5 19. gxf6 Bxf6 20. Rac1 Qe7
21. Qh3 Bb7 22. Bf3 Nc5 23. Rc2 Nd3 24. Nd1 b5 25. b3 a5 26. Nf2 Nxf2+ 27.
Bxf2 b4 28. axb4 axb4 29. Be3 Bc3 30. Nb1 e5 31. Nxc3 bxc3 32. Rxc3 exf4 
33. Bd2 Ne6 34. Re1 Nd4 35. Bg4 Rce8 36. Kg1 Qe5 37. Bd1 Qc5 38. Kf1 Bxe4 
0-1

[Event "SM-gruppen"]
[Site "Linköping"]
[Date "2001.07.09"]
[Round "8"]
[White "Hillarp Persson, Tiger"]
[Black "Couso, Luis"]
[Result "1/2-1/2"]
[WhiteElo "2438"]
[BlackElo "2324"]
[Board "1"]

1. c4 Nf6 2. Nc3 e5 3. Nf3 Nc6 4. d3 d6 5. g3 g6 6. Bg2 Bg7 7. Rb1 a5 8. 
O-O O-O 9. a3 Re8 10. Bg5 h6 11. Bxf6 Bxf6 12. b4 axb4 13. axb4 Bg7 14. b5
Nd4 15. Nxd4 exd4 16. Nd5 Ra2 17. Re1 h5 18. Ra1 Rxa1 19. Qxa1 c6 20. bxc6
bxc6 21. Nb4 c5 22. Nd5 h4 23. Bf3 Be6 24. Nf4 Bh6 25. Nxe6 Rxe6 26. Rb1 
Kg7 27. Qa7 Qg5 28. Kg2 Qf5 29. g4 Qf4 30. Rb7 Rf6 31. Rb8 Kh7 32. Qe7 Bg7
33. Rc8 Qc1 34. h3 Qf4 35. Re8 Bh6 36. Qd8 Bg7 37. Re4 Qg5 38. Re8 Qf4 39.
Qe7 Bh6 40. Rd8 Bg7 41. Qe4 Qxe4 42. Bxe4 Bh6 43. Bd5 Bd2 44. Rd7 Kg7 45. 
Kf1 Kf8 46. Ra7 Kg7 47. Rb7 Kf8 48. Ra7 1/2-1/2

[Event "SM-gruppen"]
[Site "Linköping"]
[Date "2001.07.09"]
[Round "8"]
[White "Karlsson, Lars"]
[Black "Agrest, Evgenij"]
[Result "1/2-1/2"]
[WhiteElo "2476"]
[BlackElo "2529"]
[Board "2"]

1. Nf3 c5 2. g3 b6 3. Bg2 Bb7 4. O-O g6 5. c4 Bg7 6. Nc3 Nf6 7. d3 O-O 8. 
e4 d6 9. Ne1 Nc6 10. Nc2 Nd7 11. Rb1 Re8 12. Be3 Nf8 13. Qd2 Ne6 14. Ne2 
Ned4 15. Nexd4 Nxd4 16. Nxd4 cxd4 17. Bh6 e5 18. Bxg7 Kxg7 19. f4 f6 20. f5
g5 21. Bf3 Bc6 22. Rfc1 Qe7 23. b4 Rec8 24. Bd1 Rc7 25. a4 a5 26. b5 
1/2-1/2

[Event "SM-gruppen"]
[Site "Linköping"]
[Date "2001.07.09"]
[Round "8"]
[White "Cramling, Pia"]
[Black "Åkesson, Ralf"]
[Result "1/2-1/2"]
[WhiteElo "2510"]
[BlackElo "2481"]
[Board "4"]

1. d4 e6 2. c4 d5 3. Nf3 Nf6 4. Nc3 Be7 5. Bg5 O-O 6. e3 h6 7. Bxf6 Bxf6 8.
Qb3 c6 9. Rd1 Nd7 10. Bd3 Rb8 11. Qc2 b5 12. cxb5 cxb5 13. Bxb5 Qa5 14. Bd3
Nc5 15. Be2 Ne4 16. O-O Rxb2 17. Qxb2 Nxc3 18. Rc1 Nxe2+ 19. Qxe2 Ba6 
1/2-1/2

[Event "SM-gruppen"]
[Site "Linköping"]
[Date "2001.07.09"]
[Round "8"]
[White "Barkhagen, Jonas"]
[Black "Olsson, Anders"]
[Result "1-0"]
[WhiteElo "2456"]
[BlackElo "2265"]
[Board "5"]

1. e4 e6 2. d4 d5 3. Nd2 Nf6 4. e5 Nfd7 5. Bd3 c5 6. c3 Nc6 7. Ne2 cxd4 8.
cxd4 f6 9. exf6 Nxf6 10. Nf3 Bd6 11. O-O O-O 12. Bf4 Bxf4 13. Nxf4 Ne4 14.
Qc1 Qd6 15. Ne2 Bd7 16. Qe3 Rae8 17. Bxe4 dxe4 18. Ng5 e5 19. Nxe4 Qg6 20.
d5 Nd4 21. N2c3 Nf3+ 22. Kh1 Bg4 23. Ng3 Rf4 24. Nce2 Qh6 25. gxf3 Bxf3+ 
26. Kg1 g5 27. Nxf4 e4 28. Ng2 1-0

[Event "SM-gruppen"]
[Site "Linköping"]
[Date "2001.07.09"]
[Round "8"]
[White "Wedberg, Tom"]
[Black "Carlsson, Pontus"]
[Result "1/2-1/2"]
[WhiteElo "2505"]
[BlackElo "2330"]
[Board "7"]

1. e4 c5 2. Nf3 d6 3. d4 Nf6 4. Nc3 cxd4 5. Nxd4 g6 6. Bc4 Bg7 7. O-O O-O 
8. Re1 Nc6 9. h3 Bd7 10. Bb3 Nxd4 11. Qxd4 Bc6 12. Qd1 b5 13. Nd5 a5 14. 
Bg5 Bxd5 15. Bxd5 Rb8 16. c3 h6 17. Bd2 Nd7 18. Qe2 Nb6 19. Rab1 Qd7 20. a3
Rfc8 21. Bb3 Nc4 22. Bf4 Rc5 23. Red1 Qc7 1/2-1/2

[Event "SM-gruppen"]
[Site "Linköping"]
[Date "2001.07.10"]
[Round "9"]
[White "Åkesson, Ralf"]
[Black "Karlsson, Lars"]
[Result "0-1"]
[WhiteElo "2481"]
[BlackElo "2476"]
[Board "2"]

1. d4 f5 2. g3 Nf6 3. Bg2 e6 4. c4 Bb4+ 5. Nd2 O-O 6. Nf3 d6 7. O-O Bxd2 8.
Bxd2 Qe8 9. c5 dxc5 10. Rc1 Ne4 11. Ne5 Nd7 12. Bf4 Ndf6 13. dxc5 Nd5 14. 
Qd4 Nxf4 15. gxf4 Nf6 16. c6 b6 17. Bf3 Qe7 18. Rcd1 a5 19. Rd2 a4 20. Rfd1
Nd5 21. Bxd5 exd5 22. Kh1 Be6 23. Rc2 Ra5 24. Rc3 Rb5 25. Rg1 Rb4 26. Rxg7+
Kxg7 27. Rg3+ Kh6 28. Rh3+ Kg7 29. Rg3+ Kh6 30. Qe3 Rf6 31. Rg1 Rg6 0-1

[Event "SM-gruppen"]
[Site "Linköping"]
[Date "2001.07.10"]
[Round "9"]
[White "Carlsson, Pontus"]
[Black "Cramling, Pia"]
[Result "1/2-1/2"]
[WhiteElo "2330"]
[BlackElo "2510"]
[Board "4"]

1. e4 c5 2. Nc3 e6 3. Nf3 Nc6 4. Bb5 Nd4 5. Bc4 Ne7 6. O-O Nec6 7. Nxd4 
cxd4 8. Ne2 Bc5 9. d3 O-O 10. Bb3 Na5 11. c3 dxc3 12. bxc3 b6 13. Ng3 Ba6 
14. Re1 Rc8 15. d4 Be7 16. Qg4 Kh8 17. Bd2 Nc4 18. Bxc4 Bxc4 19. Nh5 g6 20.
Nf4 d6 21. Nh3 f5 22. exf5 gxf5 23. Qd1 Rg8 24. Nf4 Qd7 25. Re3 Rcf8 26. 
Qc2 Bg5 27. Rg3 e5 28. dxe5 dxe5 29. Nd3 Bxd3 30. Rxd3 Qc6 31. Bxg5 Rxg5 
32. g3 f4 33. Rad1 Qg6 34. Qe2 Rgf5 1/2-1/2

[Event "SM-gruppen"]
[Site "Linköping"]
[Date "2001.07.10"]
[Round "9"]
[White "Olsson, Anders"]
[Black "Brynell, Stellan"]
[Result "0-1"]
[WhiteElo "2265"]
[BlackElo "2486"]
[Board "6"]

1. e4 e6 2. d4 d5 3. Nc3 Nf6 4. Bg5 dxe4 5. Nxe4 Be7 6. Bxf6 gxf6 7. Nf3 f5
8. Nc3 Bf6 9. Qd2 c5 10. Bb5+ Bd7 11. dxc5 a6 12. Bxd7+ Nxd7 13. Na4 Qc7 
14. Rd1 Nxc5 15. Nxc5 Qxc5 16. Qd7+ Kf8 17. Qxb7 Kg7 18. Rd7 Rhb8 19. Rxf7+
Kg8 20. Qc7 Qb4+ 21. Nd2 Rc8 22. Qb7 Qxb7 23. Rxb7 Rxc2 24. Kd1 Rac8 25. 
Re1 R8c6 26. Re3 Rxb2 27. Rg3+ Kf8 28. Rgb3 Rxb3 29. axb3 Bd4 30. f3 h6 31.
Nc4 e5 32. Ke2 Rg6 33. Kf1 Ke8 34. g3 e4 35. f4 Rc6 36. Rh7 a5 37. Nxa5 
Rc1+ 38. Ke2 e3 39. Rxh6 Rc2+ 40. Kd3 Rd2+ 41. Kc4 Kf7 42. Rh7+ Bg7 43. Nc6
e2 44. Ne5+ Kg8 45. Rxg7+ Kxg7 46. Nf3 Rd1 47. b4 Rf1 0-1

[Event "SM-gruppen"]
[Site "Linköping"]
[Date "2001.07.10"]
[Round "9"]
[White "Couso, Luis"]
[Black "Wedberg, Tom"]
[Result "0-1"]
[WhiteElo "2324"]
[BlackElo "2505"]
[Board "7"]

1. e4 e5 2. Nf3 Nc6 3. Bb5 a6 4. Ba4 Nf6 5. O-O Nxe4 6. d4 b5 7. Bb3 d5 8.
dxe5 Be6 9. c3 Be7 10. Nbd2 Nc5 11. Bc2 Bg4 12. h3 Bh5 13. g4 Bg6 14. Nb3 
Qd7 15. Nbd4 Bxc2 16. Qxc2 h5 17. Qf5 Nxd4 18. Nxd4 hxg4 19. hxg4 g6 20. 
Qxd7+ Kxd7 21. Kg2 Rh4 22. Bf4 Rxg4+ 23. Kf3 Rh4 24. Rfd1 Rah8 25. Bg3 R4h5
26. Nb3 c6 27. Nxc5+ Bxc5 28. b4 Bb6 29. a4 Kc8 30. Re1 Kb7 31. e6 Rf8 32.
axb5 fxe6+ 33. Kg2 e5 34. bxc6+ Kxc6 35. Rxa6 Kb5 36. Ra2 e4 37. Rd1 Rf3 
38. Ra3 Rhf5 39. Rd2 d4 40. Rc2 d3 41. Rca2 Kc4 42. b5 Rxb5 43. Ra4+ Kxc3 
44. R2a3+ Kc2 45. Rxe4 d2 46. Ra1 Rd3 47. Rc4+ Kb3 0-1

[Event "SM-gruppen"]
[Site "Linköping"]
[Date "2001.07.11"]
[Round "10"]
[White "Hillarp Persson, Tiger"]
[Black "Wedberg, Tom"]
[Result "0-1"]
[WhiteElo "2438"]
[BlackElo "2505"]
[Board "1"]

1. c4 c5 2. Nc3 Nc6 3. Nf3 Nf6 4. g3 d5 5. cxd5 Nxd5 6. Bg2 Nc7 7. Qa4 Bd7
8. Qe4 g6 9. Ne5 Bg7 10. Nxd7 Qxd7 11. h4 h5 12. Qc4 Ne6 13. O-O O-O 14. 
Rb1 Rab8 15. Bh3 f5 16. Bg2 Kh7 17. d3 Ne5 18. Qd5 Qc8 19. Nb5 a6 20. Na7 
Qd7 21. b4 Qxd5 22. Bxd5 Nd4 23. Rb2 Rfd8 24. Bg2 c4 25. a3 cxd3 0-1

[Event "SM-gruppen"]
[Site "Linköping"]
[Date "2001.07.11"]
[Round "10"]
[White "Karlsson, Lars"]
[Black "Carlsson, Pontus"]
[Result "1/2-1/2"]
[WhiteElo "2476"]
[BlackElo "2330"]
[Board "2"]

1. Nf3 c5 2. g3 b6 3. Bg2 Bb7 4. O-O g6 5. c4 Bg7 6. Nc3 Nf6 7. d3 O-O 8. 
e4 Nc6 9. Ne1 Ne8 10. Nc2 e6 11. Be3 Nd6 12. f4 f5 13. e5 Nf7 14. d4 cxd4 
15. Nxd4 Na5 16. Bxb7 Nxb7 17. Qf3 Na5 18. b3 Qe7 19. Rfe1 Rfc8 20. Rad1 
Rab8 21. Rd3 Qe8 22. Red1 Bf8 23. Nc2 Rc7 24. Nb5 Rcb7 25. Kh1 Nc6 26. Bf2
Qc8 27. R1d2 a6 28. Nd6 Nxd6 29. exd6 Nd8 30. Nb4 Ra7 31. a4 Raa8 32. h3 b5
33. axb5 axb5 34. c5 Ra1+ 35. Kh2 Rba8 36. Bd4 Rb1 37. Rd1 Rxd1 38. Rxd1 
Bg7 39. Bf2 Bf6 40. g4 fxg4 41. hxg4 Qb7 42. Qxb7 Nxb7 43. Rd3 Bb2 44. c6 
dxc6 45. Nxc6 Ra6 46. Ne7+ Kf7 47. Nc8 Bf6 48. Bb6 Bd8 49. Bxd8 Nxd8 50. d7
b4 51. Rd4 e5 52. fxe5 Ke6 53. Rxb4 Kxd7 54. Nb6+ Ke6 55. Nc4 Nc6 56. Rb5 
Nd4 57. Rb7 Nf3+ 58. Kg3 Nxe5 59. Nxe5 Kxe5 60. Rxh7 Rb6 61. Re7+ Kf6 62. 
Re3 Kg5 63. Rc3 Rb4 64. Rc5+ Kf6 65. Rc3 Kg5 66. Kh3 Rb5 67. Rg3 Rb4 68. 
Kg2 Rxg4 69. b4 Rxg3+ 70. Kxg3 Kf5 71. b5 Ke6 72. b6 Kd7 73. Kg4 Kc6 74. 
Kg5 Kxb6 75. Kxg6 1/2-1/2

[Event "SM-gruppen"]
[Site "Linköping"]
[Date "2001.07.11"]
[Round "10"]
[White "Barkhagen, Jonas"]
[Black "Agrest, Evgenij"]
[Result "0-1"]
[WhiteElo "2456"]
[BlackElo "2529"]
[Board "3"]

1. d4 Nf6 2. c4 e6 3. Nf3 b6 4. g3 Ba6 5. b3 b5 6. cxb5 Bxb5 7. Bg2 c5 8. 
O-O Bc6 9. Ba3 Na6 10. Nbd2 Be7 11. dxc5 Nxc5 12. Rc1 Na6 13. Bxe7 Qxe7 14.
e4 O-O 15. Qe2 Bb7 16. e5 Nd5 17. Ne4 Rab8 18. Nd6 Nac7 19. Nxb7 Rxb7 20. 
Rc4 Rb4 21. Rfc1 Rxc4 22. Rxc4 Na8 23. Qd3 Nab6 24. Rh4 h6 25. Bf1 f5 26. 
exf6 Qxf6 27. Kg2 a5 28. Re4 Nb4 29. Qe2 N6d5 30. Ne5 Nc3 31. Nxd7 Qf5 32.
Rf4 Nxe2 33. Rxf5 Rxf5 34. Bxe2 Rd5 35. Nb6 Rd2 36. Bc4 Nd5 37. Bxd5 exd5 
38. a3 Rd3 39. b4 Rxa3 40. Nxd5 a4 0-1

[Event "SM-gruppen"]
[Site "Linköping"]
[Date "2001.07.11"]
[Round "10"]
[White "Cramling, Pia"]
[Black "Couso, Luis"]
[Result "1-0"]
[WhiteElo "2510"]
[BlackElo "2324"]
[Board "4"]

1. d4 Nf6 2. Nf3 e6 3. c4 b6 4. g3 Ba6 5. Nbd2 Bb7 6. Bg2 d5 7. O-O Be7 8.
cxd5 exd5 9. Nb1 O-O 10. Nc3 Bd6 11. Bg5 Nbd7 12. Nb5 Be7 13. Bf4 Ne8 14. 
Qb3 c6 15. Nc3 Nc7 16. Rad1 Ne6 17. Bc1 Qc7 18. Rfe1 Nf6 19. Ng5 Nxg5 20. 
Bxg5 Rad8 21. Qc2 Qd7 22. a3 h6 23. Bxf6 Bxf6 24. b4 Qc8 25. e3 Rfe8 26. 
Qb3 g6 27. b5 Qa8 28. bxc6 Bxc6 29. Rc1 Kg7 30. Re2 h5 31. Rec2 Re7 32. h4
Rd6 33. Qb4 Qd8 34. a4 g5 35. hxg5 Bxg5 36. Ne4 dxe4 37. Rxc6 Rxc6 38. Rxc6
Qd5 39. Qb5 Qxb5 40. axb5 f5 41. Bh3 Rf7 42. Re6 h4 43. gxh4 Bxh4 44. Kf1 
Rf6 45. Re7+ Kg6 46. Ke2 Rf8 47. Re5 Rf7 48. f3 exf3+ 49. Kxf3 Bd8 50. Bf1
Bc7 51. Rd5 Kf6 52. Bh3 Kg6 53. Kf2 Bh2 54. Kg2 Bc7 55. Kf3 Bh2 56. Bf1 Bg1
57. Bd3 Kg5 58. Re5 Bh2 59. Rd5 Bg1 60. e4 Kh4 61. e5 Bh2 62. Rd8 1-0

[Event "SM-gruppen"]
[Site "Linköping"]
[Date "2001.07.11"]
[Round "10"]
[White "Berg, Emanuel"]
[Black "Åkesson, Ralf"]
[Result "1-0"]
[WhiteElo "2496"]
[BlackElo "2481"]
[Board "5"]

1. e4 c6 2. d4 d5 3. e5 Bf5 4. Nc3 e6 5. g4 Bg6 6. Nge2 f6 7. Nf4 Bf7 8. 
Qe2 fxe5 9. Qxe5 Nd7 10. Qe2 Qf6 11. g5 Qxd4 12. Nxe6 Bxe6 13. Qxe6+ Be7 
14. Be3 Qe5 15. Bh3 Qxe6 16. Bxe6 Bd6 17. O-O-O Ke7 18. Bh3 Ne5 19. Rhe1 
Kf7 20. Nxd5 cxd5 21. Rxd5 Rd8 22. Bc5 Nc4 23. Rd4 b6 24. Be6+ Kg6 25. Bxc4
bxc5 26. Re6+ Kxg5 27. Rdxd6 Nf6 28. Rc6 Rd7 29. Rxc5+ Kh4 30. Re3 Ng4 31.
Re4 1-0

[Event "SM-gruppen"]
[Site "Linköping"]
[Date "2001.07.11"]
[Round "10"]
[White "Brynell, Stellan"]
[Black "Eriksson, Anders"]
[Result "1/2-1/2"]
[WhiteElo "2486"]
[BlackElo "2335"]
[Board "6"]

1. e4 c6 2. d4 d5 3. exd5 cxd5 4. c4 Nf6 5. Nc3 e6 6. Nf3 Bb4 7. Bd3 dxc4 
8. Bxc4 O-O 9. O-O Bxc3 10. bxc3 Nbd7 11. Bg5 Qc7 12. Bd3 Qxc3 13. Rc1 Qa5
14. Ne5 Nxe5 15. Rc5 Qa3 16. dxe5 Qxc5 17. Bxf6 gxf6 18. Qg4+ Kh8 19. Qh4 
f5 20. Qf6+ Kg8 21. Re1 Bd7 22. Re3 Qxe3 23. fxe3 Rfd8 24. h4 Be8 25. Be2 
Rac8 26. h5 Rd2 27. Bf3 Rc1+ 28. Kh2 Bc6 29. h6 Kf8 30. Bxc6 bxc6 31. Qh8+
Ke7 32. Qf6+ Ke8 33. Qh8+ Ke7 34. Qb8 Rcc2 35. Qxa7+ Ke8 36. Qb8+ Ke7 37. 
Qa7+ Ke8 38. Qb8+ Ke7 1/2-1/2

[Event "SM-gruppen"]
[Site "Linköping"]
[Date "2001.07.11"]
[Round "10"]
[White "Hector, Jonny"]
[Black "Olsson, Anders"]
[Result "0-1"]
[WhiteElo "2552"]
[BlackElo "2265"]
[Board "7"]

1. e4 e6 2. d4 d5 3. Nc3 Bb4 4. Ne2 Nc6 5. a3 Ba5 6. e5 f6 7. Nf4 g6 8. Bb5
fxe5 9. Bxc6+ bxc6 10. dxe5 c5 11. O-O Ne7 12. Qg4 Nf5 13. Nd3 Bb6 14. Bg5
Qd7 15. Bf6 O-O 16. Nf4 Rxf6 17. exf6 Qf7 18. Qg5 Bd7 19. Nd3 h6 20. Qf4 g5
21. Qf3 Nh4 22. Qg4 Rd8 23. a4 a5 24. Ne5 Qxf6 25. f4 Nf5 26. Nxd7 Rxd7 27.
fxg5 Qd4+ 28. Qxd4 cxd4 29. Na2 d3+ 30. Kh1 Ng3+ 0-1

[Event "SM-gruppen"]
[Site "Linköping"]
[Date "2001.07.12"]
[Round "11"]
[White "Couso, Luis"]
[Black "Karlsson, Lars"]
[Result "0-1"]
[WhiteElo "2324"]
[BlackElo "2476"]
[Board "2"]

1. e4 e6 2. d4 d5 3. Nc3 Bb4 4. e5 c5 5. Bd2 Ne7 6. dxc5 O-O 7. Bd3 Nd7 8.
Qg4 Bxc3 9. Bxc3 Nxc5 10. Bb4 Qb6 11. Nf3 Nc6 12. Bxc5 Qxc5 13. O-O h6 14.
a3 f6 15. Rae1 f5 16. Qf4 a5 17. h4 Bd7 18. Nd2 Be8 19. Rb1 Qe7 20. Rfe1 g5
21. hxg5 hxg5 22. Qh2 Rf7 23. g4 fxg4 24. Kg2 Rf4 25. Re2 Qg7 26. Rh1 Nd4 
27. Re3 Nf5 28. Bxf5 exf5 29. Rc3 Bc6 30. Nb3 g3 31. Rxg3 d4+ 32. f3 g4 33.
Nd2 Re8 34. Kf2 Rxe5 35. Qh4 Re8 36. Qh5 Re7 37. Nc4 Bxf3 38. Rxf3 Rxf3+ 
0-1

[Event "SM-gruppen"]
[Site "Linköping"]
[Date "2001.07.12"]
[Round "11"]
[White "Agrest, Evgenij"]
[Black "Brynell, Stellan"]
[Result "1/2-1/2"]
[WhiteElo "2529"]
[BlackElo "2486"]
[Board "3"]

1. c4 e5 2. Nc3 Nf6 3. Nf3 Nc6 4. d3 Bb4 5. e4 d6 6. g3 O-O 7. Bg2 Ne8 8. 
O-O Bxc3 9. bxc3 f5 10. exf5 Bxf5 11. Nh4 Be6 1/2-1/2

[Event "SM-gruppen"]
[Site "Linköping"]
[Date "2001.07.12"]
[Round "11"]
[White "Carlsson, Pontus"]
[Black "Berg, Emanuel"]
[Result "0-1"]
[WhiteElo "2330"]
[BlackElo "2496"]
[Board "5"]

1. e4 e6 2. d4 d5 3. Nd2 Nf6 4. e5 Nfd7 5. Bd3 c5 6. c3 Nc6 7. Ne2 cxd4 8.
cxd4 f6 9. exf6 Qxf6 10. Nf3 h6 11. O-O Bd6 12. Bb1 g5 13. Be3 Nf8 14. Ne1
Ng6 15. f4 Nge7 16. Nf3 gxf4 17. Ne5 Nxd4 18. Nxf4 Bxe5 19. Qh5+ Kd8 20. 
Nxd5 Nxd5 21. Rxf6 Bxf6 22. Bf2 Nf4 23. Qf7 Be7 24. Bd3 Rf8 25. Qg7 Nde2+ 
26. Bxe2 Nxe2+ 27. Kf1 Nf4 28. Kg1 Ke8 29. Be3 Bd7 30. Rd1 Rc8 31. Qxh6 Bc5
32. Bxc5 Rxc5 33. Qg7 Rd5 0-1

[Event "SM-gruppen"]
[Site "Linköping"]
[Date "2001.07.12"]
[Round "11"]
[White "Åkesson, Ralf"]
[Black "Barkhagen, Jonas"]
[Result "0-1"]
[WhiteElo "2481"]
[BlackElo "2456"]
[Board "6"]

1. Nf3 Nf6 2. c4 g6 3. Nc3 d5 4. cxd5 Nxd5 5. e4 Nxc3 6. dxc3 Qxd1+ 7. Kxd1
Bg4 8. Kc2 Bxf3 9. gxf3 e6 10. Be3 Nd7 11. b4 h5 12. Rd1 Bh6 13. Bxh6 Rxh6
14. f4 h4 15. Be2 Ke7 16. h3 Rd8 17. Rd2 Rhh8 18. Rhd1 Nb6 19. Rxd8 Rxd8 
20. Rxd8 Kxd8 21. Kd3 Ke7 22. Kd4 f6 23. c4 Nd7 24. c5 e5+ 25. fxe5 fxe5+ 
26. Kd5 c6+ 27. Kc4 Nf6 28. Bf3 g5 29. Kd3 g4 30. hxg4 Nh7 31. Ke3 Kf6 32.
Be2 Kg5 33. Kf3 Nf6 34. Bc4 h3 35. Be6 Nxe4 36. Bc8 Kh4 37. Bxb7 Ng5+ 0-1